Бакунин

Detaylı Bibliyografya
Yazar: Пирумова Н. М. Наталья Михайловна
Özet:Исключено из фонда НТБ ТПУ
Dil:Rusça
Baskı/Yayın Bilgisi: Москва, Молодая гвардия, 1970
Seri Bilgileri:Жизнь замечательных людей. Серия биографий
Materyal Türü: MixedMaterials Kitap
KOHA link:https://koha.lib.tpu.ru/cgi-bin/koha/opac-detail.pl?biblionumber=183106

MARC

LEADER 00000nam0a2200000 4500
001 183106
005 20231031171451.0
035 |a (RuTPU)RU\TPU\book\198485 
090 |a 183106 
100 |a 20100701d1970 m y0rusy50 ca 
101 0 |a rus 
102 |a RU 
105 |a a z 000zb 
200 1 |a Бакунин  |f Н. М. Пирумова 
210 |a Москва  |c Молодая гвардия  |d 1970 
215 |a 400 с.  |c ил. 
225 1 |a Жизнь замечательных людей. Серия биографий 
333 |a Исключено из фонда НТБ ТПУ 
700 1 |a Пирумова  |b Н. М.  |g Наталья Михайловна 
801 1 |a RU  |b 63413507  |c 20100701 
801 2 |a RU  |b 63413507  |c 20220614  |g RCR 
942 |c BK